000 00626nam a2200229Ia 4500
003 OSt
005 20221007071117.0
006 a|||||r|||| 00| 0
007 ta
008 221006b |||||||| |||| 00| 0 eng d
024 _a37,857
037 _cTextual
040 _aFLL
_cFLL
_beng
041 _2eng
_aeng
082 _aZ1, Q2
100 _aQerimi Qerim
_9688155
245 0 _aDevelopment in international law
_bpolicy- orinted inquiry
260 _aLeiden
_bMartinus Nijhoff Publishers
_c2012
300 _axvi,303p
_ccm.
942 _hZ1, Q2
_cTEXL
_2CC
999 _c1142481
_d1142481